00620npc a2200181Ia 4500001001300000003001000013008004100023040002500064041000700089100001100096240003700107245006200144250001100206260004700217300001100264500014700275650001600422ONU25-45962 IT-MiCISF161014s9999||||xx | und|| aIT-MiCISFcIT-MiCISF aen aAA.VV. aGenerations and Gender Programme 0aGenerations and Gender ProgrammebConcepts and guidelines a1a ed. a New York and GenevabUnited Nationsc2007 app. 58 aUnited Nations. Economic Commission for Europe / popolazione, rapporti-familiari, fertilità, contraccezione, educazione, salute, welfare /  apopolazione